[Event "OP-2020-0-04997"]
[Site "LSS email"]
[Date "2020.07.19"]
[Round "?"]
[White "Johanson, Frans"]
[Black "Maly, Marian"]
[Result "1-0"]
[WhiteElo "1886"]
[BlackElo "780"]
[PlyCount "71"]
[EventDate "2020.07.11"]
[EventType "tourn (corr)"]
[EventRounds "4"]
[EventCountry "GER"]
[SourceTitle "Corr 2022"]
[Source "ChessBase"]
[SourceDate "2021.10.24"]
[SourceVersion "1"]
[SourceVersionDate "2021.10.24"]
[SourceQuality "1"]

1. d4 d5 2. c4 dxc4 3. Nf3 b5 4. a4 b4 5. e4 Ba6 6. Qc2 b3 7. Qc3 Nf6 8. Nbd2 e6 9. Bxc4 Bxc4 10. Qxc4 Bd6 11. e5 Bxe5 12. Nxe5 0-0 13. 0-0 Nd5 14. Nxb3 f6 15. Nd3 Nd7 16. Re1 Re8 17. Bd2 N7b6 18. Qc2 Nd7 19. Re4 f5 20. Re2 Rb8 21. Rae1 Nf8 22. Nbc5 Qd6 23. b3 f4 24. Ne5 f3 25. Nxf3 Nf4 26. Bxf4 Qxf4 27. Nxe6 Nxe6 28. Rxe6 Rxe6 29. Rxe6 h6 30. Re7 Rc8 31. Qg6 Qf6 32. Qxf6 gxf6 33. g3 a5 34. Nd2 c5 35. dxc5 Rxc5 36. Nc4 1-0

[Event "OP-2020-0-04986"]
[Site "LSS email"]
[Date "2020.06.17"]
[Round "?"]
[White "Johanson, Frans"]
[Black "Vodicka, Milan"]
[Result "0-1"]
[WhiteElo "1870"]
[BlackElo "2005"]
[PlyCount "80"]
[EventDate "2020.06.13"]
[EventType "tourn (corr)"]
[EventRounds "4"]
[EventCountry "GER"]
[SourceTitle "Corr 2022"]
[Source "ChessBase"]
[SourceDate "2021.10.24"]
[SourceVersion "1"]
[SourceVersionDate "2021.10.24"]
[SourceQuality "1"]

1. d4 d5 2. c4 e6 3. Nf3 c6 4. e3 Nf6 5. Nc3 Nbd7 6. Bd3 dxc4 7. Bxc4 b5 8. Bd3 a6 9. 0-0 c5 10. a4 b4 11. Ne4 Bb7 12. Ned2 Qc7 13. Nc4 Be7 14. b3 Nd5 15. Bb2 Nc3 16. Bxc3 bxc3 17. Rc1 cxd4 18. Nxd4 Bb4 19. Ne2 Rd8 20. Qc2 Ne5 21. Nxe5 Qxe5 22. Nxc3 Rc8 23. Bc4 h5 24. Ne2 0-0 25. Nf4 Bd6 26. Qc3 Qg5 27. g3 h4 28. Qd3 Rcd8 29. Qe2 hxg3 30. hxg3 Qh6 31. Ng2 g5 32. Bxa6 Ba8 33. f4 Qh3 34. Bb5 Bb4 35. Rfd1 gxf4 36. gxf4 Bf3 37. Qc2 Rc8 38. Qf2 Be7 39. Bf1 Kg7 40. Rxc8 Rxc8 0-1